000 00497nam a2200169Ia 4500
003 3228
005 20240715124951.0
008 210817s9999 xx ed 000 1 AFR d
020 _a9780799317190
_qPaperback (pbk)
040 _aRDA
_c3228
082 _aLP AF HENN
100 _aHenning, Philip
_915417
245 0 _aNooit te laat vir die liefde
_cPhilip Henning; Omslagontwerp: Rassie Erasmus
260 _aPretoria
_bJ.P van der Walt
_c1991
300 _a319 Pages;
_c21 cm.
942 _cBK
_2ddc
_y245
_zIzakina Blanche
999 _c216286
_d216284